हातिमताई का किस्सा / (Record no. 534)

MARC details
000 -LEADER
fixed length control field 01133 a2200229 4500
008 - FIXED-LENGTH DATA ELEMENTS--GENERAL INFORMATION
fixed length control field 080725t xxu||||| |||| 00| 0 hin d
010 ## - LCCN (DPL NO)
LC control number HIN-78757, B-308613
020 ## - INTERNATIONAL STANDARD BOOK NUMBER
International Standard Book Number 8179020185
Terms of availability 100.00
035 ## - SYSTEM CONTROL NUMBER
System control number B-209799, B-308613
037 ## - SOURCE OF ACQUISITION
Source of stock number/acquisition D.B.Act / pub
082 ## - DEWEY DECIMAL CLASSIFICATION NUMBER
Classification number
245 ## - TITLE STATEMENT
Title हातिमताई का किस्सा /
Statement of responsibility, etc लिप्यंतरण आशा गुप्त
260 ## - PUBLICATION, DISTRIBUTION, ETC. (IMPRINT)
Place of publication, distribution, etc दिल्ली
Name of publisher, distributor, etc सावित्री प्रकाशन
Date of publication, distribution, etc 2003
270 ## - ADDRESS
Address 1376,कश्मीरी गेट
City दिल्ली
Postal code 110006
300 ## - PHYSICAL DESCRIPTION
Extent 88पृ
Other physical details सचित्र
Dimensions 24 सेमी (सजिल्द)
650 ## - SUBJECT ADDED ENTRY--TOPICAL TERM
Topical term or geographic name as entry element बाल कहानियाँ
650 ## - SUBJECT ADDED ENTRY--TOPICAL TERM
Topical term or geographic name as entry element कहानियाँ
650 ## - SUBJECT ADDED ENTRY--TOPICAL TERM
Topical term or geographic name as entry element Children Storys
942 ## - ADDED ENTRY ELEMENTS (KOHA)
Institution code [OBSOLETE] dpl
Item type Children Books
Call number prefix क / हातिम
Source of classification or shelving scheme Dewey Decimal Classification
Classification part
Call number suffix हातिम
Holdings
Withdrawn status Lost status Source of classification or shelving scheme Damaged status Not for loan Home library Current library Date acquired Cost, normal purchase price Total Checkouts Full call number Barcode Date last seen Cost, replacement price Koha item type Collection code Source of acquisition Copy number
    Dewey Decimal Classification   Not For Loan Central Library Central Library 24/12/2008 150.00   क हातिम B-308613 24/12/2008 150.00 Children Books Fiction DBAD 1
    Dewey Decimal Classification     Jor Bagh (Children Lib) Jor Bagh (Children Lib) 25/07/2008 100.00   B-209799 15/09/2008 100.00 Children Books      

© Delhi Public Library
Hit Counter
free hit counter